Pohjois-Koreaa lähimpänä olevat valtiot - Statistics

Yleistilastot
  • Tätä visaa on pelattu 1 738 kertaa
  • Keskiarvotulos 16 / 20
Vastaustilastot
Kilometrit Valtio % Oikein
0 Etelä-Korea
100%
0 Kiina
99%
418 Japani
97%
0 Venäjä
97%
768 Mongolia
92%
2440 Vietnam
89%
2849 Intia
88%
3014 Thaimaa
87%
1439 Taiwan
86%
2766 Laos
85%
1941 Filippiinit
84%
2731 Myanmar
79%
3203 Kambodža
72%
3492 Malesia
72%
3135 Yhdysvallat
71%
3357 Bhutan
70%
3092 Kazakstan
70%
3357 Bangladesh
68%
3355 Mikronesia
38%
3425 Palau
38%
Ehtoja vastaavia visoja ei löytynyt
Tulosjakauma
Jokaisen tuloksen saaneiden osuus
Persentiili vastausten määrän mukaan
Tuloshistoriasi
Et ole pelannut tätä visaa